South American Food - Sudden Death - Statistics

General Stats
  • This quiz has been taken 105 times
  • The average score is 6 of 16
Answers on the Grid
Answers color-coded by a green-red scale on the quiz's grid according to % correct below.
Guyanese pepperpot
Bobó de camarão
Bandeja paisa
Guatita
Medianoche
Chilaquiles
Fondue
Enchiladas
Sopa paraguaya
Salteña
Pabellón criollo
Choripán
Brazilian-style feijoada
Ndolé
Poutine
Fish and chips
Bifana
Ceviche
Pachamanca
Fugazza / Fugazzetta
Pom
Pastel de choclo
Chivito
Cachupa
Conejo en salmorejo
Bacalao al ajoarriero
Fabada asturiana
Fosforito
 
Answer Stats
Answer % Correct
Ceviche
63%
Brazilian-style feijoada
52%
Sopa paraguaya
52%
Guyanese pepperpot
50%
Choripán
44%
Pastel de choclo
44%
Chivito
37%
Pachamanca
33%
Bobó de camarão
31%
Salteña
31%
Pabellón criollo
27%
Bandeja paisa
25%
Fugazza / Fugazzetta
25%
Guatita
25%
Fosforito
13%
Pom
13%
No matching quizzes found
Score Distribution
Percent of People with Each Score
Percentile by Number Answered
Your Score History
You have not taken this quiz